Statistiques concernant Démons - Angèle ft. Damso

Cliquez ici pour prendre le quiz!

Statistiques générales

  • Ce quiz a été pris 343 fois
  • Le résultat moyen est 379 sur 493

Statistiques - réponses

HintRéponse% Correct
c'
100%
d'
100%
t'
100%
à
99%
À
99%
de
99%
m'
99%
démons
98%
j'
97%
J'
97%
me
97%
l'
96%
L'
96%
mes
96%
Angèle & DamsoMes
96%
n'
96%
tu
96%
Comme
95%
faire
95%
pour
94%
tuer
94%
Tuer
94%
bien
93%
en
93%
qu'
93%
Comment
91%
comment
91%
le
91%
no
90%
je
89%
Je
89%
ma
89%
On
89%
on
89%
ange
88%
pas
88%
un
88%
va
87%
la
86%
Au
84%
ça
84%
ta-
84%
avec
83%
nique
83%
tout
83%
Angèle
81%
grand
81%
lieu
81%
mon
81%
Si
81%
si
81%
les
80%
passe
80%
plus
80%
ai
79%
dirai
79%
faut
79%
gros
79%
leur
79%
nom
79%
radio
79%
Dans
78%
dans
78%
mots
78%
enfin
77%
fasse
77%
ici
77%
AngèleJusqu'
77%
non
77%
suis
77%
tomber
76%
allait
75%
Mais
75%
mais
75%
Et
74%
et
74%
enfer
73%
est
72%
fait
72%
vert
71%
vous
71%
que
70%
Ils
69%
ils
69%
saviez
69%
tête
69%
magie
68%
Angèle & DamsoJour
67%
jour
67%
zone
67%
après
66%
opère
66%
vriller
66%
habitue
65%
Portefeuille
65%
haineux
64%
ice
64%
Moi
64%
ne
64%
rappe
64%
rien
64%
peur
63%
violet
63%
du
62%
jamais
62%
ouais
62%
qui
62%
avant
61%
tous
61%
verra
61%
Ah
60%
ah
60%
demain
60%
Juste
60%
Oh
60%
fumée
59%
part
58%
Quand
58%
trace
58%
air
57%
albums
57%
Ces
57%
tes
57%
Tes
57%
vendus
57%
bah
56%
Bah
56%
ennemis
56%
évolue
55%
homo
55%
oublie
55%
parlant
55%
tomberont
55%
tuent
55%
voit
55%
écris
54%
reviendrais
54%
vais
54%
achromate
53%
guerre
53%
rageux
53%
sais
53%
autre
52%
cosmos
52%
sapiens
52%
chante
51%
toutes
51%
vertus
51%
as
50%
chose
50%
Confiante
50%
déçue
50%
éléments
50%
gens
50%
grâce
50%
quatre
50%
rappeurs
50%
suivent
50%
angoisse
49%
apprendrai
48%
avatar
47%
dos
47%
Très
47%
sincèrement
46%
don
45%
game
45%
italiens
45%
perdre
45%
quelques
45%
attend
44%
maîtrise
44%
ok
44%
chers
43%
explorer
43%
produis
43%
vêtements
43%
faux
41%
font
41%
futurs
41%
moins
40%
vues
40%
couvert
39%
derrière
39%
Eh
39%
eh
39%
(ferai)f'rai
39%
toi
39%
trop
38%
parlèrent
35%
feate
34%
(Besoin)B'soin
33%
veux
32%
Bang
10%
hmm
8%

Distribution des résultats

Percentile par nombre de réponses

% des personnes avec chaque résultat

Votre développement - résultats

Vous n’avez pas pris ce quiz